| Tag |
First Indicator |
Second Indicator |
Subfields |
| LEADER |
00000cam a2200000I 4500 |
| 001 |
in00000065681 |
| 005 |
20230810115337.0 |
| 008 |
731030s1943 nyua b 001 0 eng |
| 010 |
|
|
|a 43004284
|
| 016 |
|
|
|a (AMICUS)000004378127
|
| 016 |
7 |
|
|a CAT10501768
|2 DNAL
|
| 016 |
7 |
|
|a 003262505
|2 IsJJNL
|
| 019 |
|
|
|a 230395
|a 318229918
|a 827812423
|a 976839805
|a 1049501321
|a 1263989332
|
| 029 |
1 |
|
|a AU@
|b 000002536914
|
| 029 |
1 |
|
|a AU@
|b 000028191858
|
| 029 |
1 |
|
|a DEBBG
|b BV003179708
|
| 029 |
1 |
|
|a DEBBG
|b BV005669467
|
| 029 |
1 |
|
|a DEBBG
|b BV007046885
|
| 029 |
1 |
|
|a DEBSZ
|b 062157485
|
| 029 |
1 |
|
|a HEBIS
|b 084977574
|
| 029 |
1 |
|
|a NLC
|b 000004378127
|
| 029 |
1 |
|
|a NZ1
|b 6469641
|
| 029 |
1 |
|
|a NZ1
|b 659143
|
| 035 |
|
|
|a (OCoLC)ocm00730387
|
| 035 |
|
|
|a (OCoLC)730387
|z (OCoLC)230395
|z (OCoLC)318229918
|z (OCoLC)827812423
|z (OCoLC)976839805
|z (OCoLC)1049501321
|z (OCoLC)1263989332
|
| 035 |
|
|
|a (OCoLC)ocm00730387
|
| 040 |
|
|
|a DLC
|b eng
|c WSU
|d SER
|d EL$
|d AGL
|d LVB
|d OCLCG
|d STF
|d MTG
|d NIALS
|d BUF
|d UV$
|d DEBBG
|d FRS
|d OCLCO
|d OCLCF
|d OCLCQ
|d OCLCO
|d J9U
|d IUA
|d CN4UL
|d OCL
|d OCLCQ
|d CNUTO
|d OCLCQ
|d CSJ
|d NLC
|d OCLCO
|d OCL
|d OCLCQ
|d OCLCO
|d OCLCQ
|d XFF
|d TYC
|d OCLCQ
|d CNO
|d CPO
|d OCLCQ
|d DCHUA
|d OCLCQ
|d OCLCA
|d IL4J6
|d OCLCO
|d YBM
|d OCLCO
|
| 045 |
|
|
|a x3x5
|
| 050 |
0 |
0 |
|a HD82
|b .H29
|
| 055 |
|
1 |
|a HD82.H29
|
| 070 |
0 |
|
|a 280
|b H244
|
| 072 |
|
0 |
|a X700
|
| 082 |
0 |
0 |
|a 330.904
|
| 084 |
|
|
|a QD 000
|2 rvk
|
| 084 |
|
|
|a QG 620
|2 rvk
|
| 245 |
0 |
0 |
|a Postwar economic problems /
|c edited by Seymour E. Harris ...
|
| 250 |
|
|
|a 1st ed.
|
| 260 |
|
|
|a New York,
|a London,
|b McGraw-Hill Book Company, Inc.,
|c 1943.
|
| 300 |
|
|
|a xii, 417 pages
|b tables, diagrams
|c 24 cm
|
| 336 |
|
|
|a text
|b txt
|2 rdacontent
|
| 337 |
|
|
|a unmediated
|b n
|2 rdamedia
|
| 338 |
|
|
|a volume
|b nc
|2 rdacarrier
|
| 504 |
|
|
|a Includes bibliographical references and index.
|
| 505 |
0 |
0 |
|g pt. 1.
|t The issue of full employment:
|t The postwar economy /
|r Alvin A. Hansen --
|t Full employment after the war /
|r Paul A. Samuelson --
|t Total war: a description in terms of employment /
|r Dal Hitchcock --
|t Secular stagnation? /
|r Alan Sweezy --
|t Postwar private investing and public spending /
|r Richard Bissell --
|g pt. 2.
|t The state of capitalism:
|t Capitalism in the postwar world /
|r Joseph A. Schumpeter --
|t Economic liberalism in the postwar world /
|r Abba P. Lerner --
|t Trade and the peace /
|r Henry C. Simons --
|g pt. 3.
|t Statistical information and economic policy:
|t Economic statistics and postwar policies /
|r Wassily Leontief --
|g pt. 4.
|t Fiscal and related problems:
|t Postwar public debt /
|r Seymour E. Harris --
|t Problems of planning public work /
|r Benjamin Higgins --
|t City replanning and rebuilding /
|r Guy Greer --
|t Fiscal policy at the state and local levels /
|r Harvey S. Perloff --
|g pt. 5.
|t Labor and social security:
|t Labor after the war /
|r Sumner H. Slichter --
|t Postwar social security /
|r Edwin E. Witte --
|g pt. 6.
|t Agriculture and related problems:
|t Nutrition, food attitudes, and food supply /
|r M.L. Wilson --
|t Agricultural problems /
|r John D. Black --
|t International commodity agreements in the postwar world /
|r Joseph S. Davis --
|g pt. 7.
|t International economic relations:
|t The political economy of regional or continental blocs /
|r Gottfried Haberler --
|t Removal of restrictions on trade and capital /
|r Howard S. Ellis --
|t International aspects of an investment program /
|r R.B. Bryce --
|t International monetary stabilization /
|r C.P. Kindleberger --
|g pt. 8.
|t Postwar controls:
|t On price control after the war /
|r John D. Sumner.
|
| 583 |
|
|
|a commitment to retain
|c 20151204
|2 pda
|5 OTUTLD
|
| 650 |
|
0 |
|a Economic policy.
|
| 650 |
|
0 |
|a Reconstruction (1939-1951)
|
| 650 |
|
6 |
|a Politique économique.
|
| 650 |
|
6 |
|a Reconstruction, 1939-1951.
|
| 650 |
|
7 |
|a Reconstruction (1939-1951)
|2 fast
|0 (OCoLC)fst01091544
|
| 650 |
|
7 |
|a Economic policy.
|2 fast
|0 (OCoLC)fst00902025
|
| 650 |
|
7 |
|a Wirtschaftsentwicklung
|2 gnd
|
| 650 |
|
7 |
|a Economic policy.
|2 nli
|
| 650 |
|
7 |
|a Reconstruction (1939-1951)
|2 nli
|
| 648 |
|
7 |
|a 1939-1951
|2 fast
|
| 700 |
1 |
|
|a Harris, Seymour Edwin,
|d 1897-1974,
|e editor.
|
| 776 |
0 |
8 |
|i Online version:
|a Harris, Seymour Edwin, 1897-1974.
|t Postwar economic problems.
|b 1st ed.
|d New York, London, McGraw-Hill Book Company, inc., 1943
|w (OCoLC)609240809
|
| 776 |
0 |
8 |
|i Online version:
|a Harris, Seymour Edwin, 1897-1974.
|t Postwar economic problems.
|b 1st ed.
|d New York, London, McGraw-Hill Book Company, inc., 1943
|w (OCoLC)612775431
|
| 856 |
4 |
1 |
|u http://fraser.stlouisfed.org/publication-series/?id=853
|t 0
|
| 948 |
|
|
|h HELD BY TXA - 529 OTHER HOLDINGS
|
| 994 |
|
|
|a Z0
|b TXA
|
| 999 |
f |
f |
|s 80bd5596-2650-369e-9ef4-db3ff093b80e
|i 161eb1a2-42cb-3422-800b-ad7485931748
|t 0
|
| 952 |
f |
f |
|p ric
|a Texas A&M University
|b Rellis Campus
|c Joint Library Facility
|d Remote Storage
|t 0
|e HD82 .H29
|h Library of Congress classification
|i unmediated -- volume
|m A14800699393
|
| 998 |
f |
f |
|a HD82 .H29
|t 0
|l Remote Storage
|